| 000 | 01324cam a2200337 a 4500 | ||
|---|---|---|---|
| 001 | 4014741 | ||
| 003 | SISC | ||
| 005 | 20160204154110.0 | ||
| 008 | 970123s1997 cau b 001 0 eng | ||
| 010 | _a 97004610 | ||
| 020 | _a0803974302 (cloth : acidfree paper) | ||
| 020 | _a0803974310 (pbk. : acidfree paper) | ||
| 040 |
_aDLC _cDLC _dDLC |
||
| 050 | 0 | 0 |
_aT 11 _b.G63 1997 |
| 082 | 0 | 0 |
_aHS 808.066001 _bG63 |
| 100 | 1 |
_aGolden-Biddle, Karen. _914573 |
|
| 245 | 1 | 0 |
_aComposing qualitative research / _cKaren Golden-Biddle, Karen D. Locke. |
| 260 |
_aThousand Oaks, Calif. : _bSage Publications, _cc1997. |
||
| 300 |
_a145 p. : _c24 cm. |
||
| 526 | _c | ||
| 650 | 0 |
_aTechnical writing. _99911 |
|
| 650 | 0 |
_aQualitative research. _914574 |
|
| 700 | 1 |
_aLocke, Karen. _914575 |
|
| 856 | 4 | 2 |
_3Publisher description _uhttp://www.loc.gov/catdir/enhancements/fy0658/97004610-d.html |
| 856 | 4 | 1 |
_3Table of contents only _uhttp://www.loc.gov/catdir/enhancements/fy0658/97004610-t.html |
| 856 | 4 | 2 |
_3Contributor biographical information _uhttp://www.loc.gov/catdir/enhancements/fy0734/97004610-b.html |
| 906 |
_a7 _bcbc _corignew _d1 _eocip _f19 _gy-gencatlg |
||
| 942 |
_2lcc _cBK |
||
| 999 |
_c9667 _d9667 |
||